<?xml version="1.0" encoding="UTF-8"?>
<marc:record xmlns:marc="http://www.loc.gov/MARC21/slim">
   <marc:leader>00000nam a2200000 a 4500</marc:leader>
   <marc:datafield ind1=" " ind2=" " tag="653">
      <marc:subfield code="a">S||Zukunftsforschung</marc:subfield>
   </marc:datafield>
   <marc:datafield ind1=" " ind2=" " tag="653">
      <marc:subfield code="a">Standards</marc:subfield>
   </marc:datafield>
   <marc:datafield ind1="0" ind2="0" tag="245">
      <marc:subfield code="a">Standards und Gütekriterien der Zukunftsforschung</marc:subfield>
   </marc:datafield>
   <marc:datafield ind1="0" ind2="0" tag="245">
      <marc:subfield code="b">ein Pocketguide für Praktiker und Studierende</marc:subfield>
   </marc:datafield>
   <marc:datafield ind1="0" ind2="0" tag="245">
      <marc:subfield code="c">Hrsg. v. Lars Gerhold ...</marc:subfield>
   </marc:datafield>
   <marc:datafield ind1=" " ind2="1" tag="264">
      <marc:subfield code="a">Berlin</marc:subfield>
      <marc:subfield code="b">Freie Univ. Berlin</marc:subfield>
      <marc:subfield code="c">2017</marc:subfield>
   </marc:datafield>
   <marc:datafield ind1="1" ind2=" " tag="520">
      <marc:subfield code="a">Die Zukunftsforschung kämpft seit Jahrzehnten um ihren Platz in der akademischen Welt. Vielen SkeptikerInnen zum Trotz findet sie immer mehr Verankerung in verschiedenen Disziplinen und auch als eigenständige akademische Ausbildung. Umso wichtiger ist es, die Qualität der Zukunftsforschung zu sichern. Lars Gerold, Dirk Holtmannspötter, Christian Neuhaus, Elmar Schüll, Beate Schulz-Montag, Karlheinz Steinmüller und Axel Zweck haben zu diesem Zweck einen Pocketguide für PraktikerInnen und Studierende herausgegeben, der &#x84;Standards und Gütekriterien der Zukunftsforschung&#x93; zusammenfasst.</marc:subfield>
   </marc:datafield>
   <marc:datafield ind1=" " ind2=" " tag="020">
      <marc:subfield code="a">9783961100460</marc:subfield>
      <marc:subfield code="9">9783961100460</marc:subfield>
   </marc:datafield>
   <marc:datafield ind1=" " ind2=" " tag="020">
      <marc:subfield code="a">3961100462</marc:subfield>
      <marc:subfield code="9">3961100462</marc:subfield>
   </marc:datafield>
   <marc:datafield ind1=" " ind2=" " tag="300">
      <marc:subfield code="a">48 S.</marc:subfield>
   </marc:datafield>
</marc:record>
